000 00559nam a22001817a 4500
005 20251108165155.0
008 250721s1997 xx 000 0 ara d
082 1 4 _a549/حسن
100 1 _aحسن، ممدوح عبد الغفور
245 1 0 _aمملك المعادن /
264 1 _aالقاهره :
_bالشركة العربية للنشر و التوزيع،
_c1997.
300 _a268ص
650 1 7 _aعلم المعادن
650 1 7 _aالمعادن النفيسة
650 1 7 _aمعادن الفرسفات
942 _2ddc
_cBK
999 _c21277
_d21277